LIBRARY & INFORMATION CENTRE, KCAET, TAVANUR

ONLINE PUBLIC ACCESS CATALOGUE (OPAC)

Puthariyankam / (Record no. 4239)

MARC details
000 -LEADER
fixed length control field 00542cam a2200205ua 4500
041 ## - LANGUAGE CODE
Language code of text/sound track or separate title mal
082 ## - DEWEY DECIMAL CLASSIFICATION NUMBER
Classification number 894.812308
Item number ACH/PU
100 ## - MAIN ENTRY--AUTHOR NAME
Personal name Achuthan Pillai, Aymanam .
245 ## - TITLE STATEMENT
Title Puthariyankam /
250 ## - EDITION STATEMENT
Edition statement 1 /
260 ## - PUBLICATION, DISTRIBUTION, ETC. (IMPRINT)
Place of publication Kottayam :
Name of publisher Vidyarthi Mithram Book Depo ,
Year of publication 1965.
300 ## - PHYSICAL DESCRIPTION
Number of Pages 143 ; .
490 0# - SERIES STATEMENT
Series statement Vadakkan Kathakal,
Volume number/sequential designation 4
942 ## - ADDED ENTRY ELEMENTS (KOHA)
Koha item type Books
Holdings
Withdrawn status Lost status Damaged status Home library Current library Date acquired Full call number Accession Number Koha item type
Withdrawn     KAUAET Malayalam University 07/04/2012 894.812308 10238 Books
free website counter